Fundamentals of Nursing (Record no. 154672)
[ view plain ]
| 000 -LEADER | |
|---|---|
| fixed length control field | 00402nam a2200145Ia 4500 |
| 008 - FIXED-LENGTH DATA ELEMENTS--GENERAL INFORMATION | |
| fixed length control field | 230411s9999 xx 000 0 und d |
| 020 ## - INTERNATIONAL STANDARD BOOK NUMBER | |
| International Standard Book Number | 978-1-4018-5918-3 |
| 041 ## - LANGUAGE CODE | |
| Language code of text/sound track or separate title | eng |
| 082 ## - DEWEY DECIMAL CLASSIFICATION NUMBER | |
| Classification number | F/610.73069/DEL/B03882 |
| 100 ## - MAIN ENTRY--PERSONAL NAME | |
| Personal name | DeLaune Sue & Ladner Patricia |
| 9 (RLIN) | 177976 |
| 245 ## - TITLE STATEMENT | |
| Title | Fundamentals of Nursing |
| 260 ## - PUBLICATION, DISTRIBUTION, ETC. (IMPRINT) | |
| Name of publisher, distributor, etc. | Delmar Publisher |
| Place of publication, distribution, etc. | Australia |
| Date of publication, distribution, etc. | 2006 |
| 300 ## - PHYSICAL DESCRIPTION | |
| Extent | 1455p |
| Withdrawn status | Lost status | Damaged status | Not for loan | Collection code | Home library | Current library | Date acquired | Vendor | Cost, normal purchase price | Bill number | Full call number | Barcode | Date last seen | Cost, replacement price | Bill Date | Koha item type | Original Barcode |
|---|---|---|---|---|---|---|---|---|---|---|---|---|---|---|---|---|---|
| Reference | Smt. Bakul Tambat Institute of Nursing Education | Smt. Bakul Tambat Institute of Nursing Education | 22/02/2007 | B.J.Medical Co-oprative College Stores | 2308.00 | 1025 | F 610.73069 DEL B03882 | BTIN-BK-3882 | 11/04/2023 | 1731.00 | 22/02/2007 | Books | B03882 |